000 00358nam a2200109Ia 4500
008 171204s9999 xx 000 0 und d
245 _aDigital Media: A Problem-solving Approach for Computer Graphics:
245 _cRimon Elias
260 _c2014
650 _xDesktop Publishing & Computer Graphics
856 _uhttp://down.ebook777.com/059/9783319051369.pdf
999 _c346292
_d346292